One Piece - Statistiques

Statistiques générales
  • Ce quiz a été pris 527 fois
  • Le résultat moyen est 11 sur 15
Statistiques - réponses
Hint Réponse % Correct
Capitaine de l'équipage au Chapeau de Paille Luffy
100%
Possède Enma et Wadô Ichimonji Zoro
95%
Père de Sniperking Yasopp
88%
Capitaine de Bepo Law
86%
Deuxième fils de Big Mom Katakuri
85%
Et son créateur Tom
82%
Première prime du Chapeau de paille 30000000
75%
Le nom de cette ile... Ohara
74%
Chef des bandits qui ont élévé Sabo et Ace Dadan
68%
Propriétaire du Fulguro-Fruit (Goro Goro no mi) Enel
66%
Nom de l'arme antique qui est une princesse Poséidon
65%
Nom du bateau du roi des pirates Oro Jackson
63%
A sauvé Robin sur son ile natale Sauro
55%
Vice-directeur d'Impel Down avant la bataille de Marine Ford Hannyabal
43%
Adversaire principale de Lucy au Corrida Colosseum Chinjao
37%
Aucun quiz correspondant
Distribution des résultats
% des personnes avec chaque résultat
Percentile par nombre de réponses
Votre historique - résultats
Vous n’avez pas pris ce quiz